000 01616nam a2200373Ia 4500
001 ebr10267534
003 CaPaEBR
006 m u
007 cr cn|||||||||
008 080728s2008 enkab sb 001 0beng d
010 _z 2008298289
020 _z9781845114831
020 _z1845114833
040 _aCaPaEBR
_cCaPaEBR
035 _a(OCoLC)646787113
050 1 4 _aG246.C7
_bO88 2008eb
100 1 _aO'Sullivan, Dan.
245 1 0 _aIn search of Captain Cook
_h[electronic resource] :
_bexploring the man through his own words /
_cDan O'Sullivan.
260 _aLondon ;
_aNew York :
_bI.B. Tauris ;
_aNew York :
_bDistributed in the USA by Palgrave Macmillan,
_c2008.
300 _avi, 263 p. :
_bill., maps.
504 _aIncludes bibliographical references (p. [236]-256) and index.
533 _aElectronic reproduction.
_bPalo Alto, Calif. :
_cebrary,
_d2009.
_nAvailable via World Wide Web.
_nAccess may be limited to ebrary affiliated libraries.
600 1 0 _aCook, James,
_d1728-1779.
600 1 0 _aCook, James,
_d1728-1779
_vDiaries.
650 0 _aExplorers
_zGreat Britain
_vBiography.
650 0 _aDiscoveries in geography
_xBritish
_xHistory
_y18th century.
650 0 _aSeafaring life
_xHistory
_y18th century.
650 0 _aVoyages around the world
_xHistory
_y18th century.
651 0 _aPacific Ocean
_xDiscovery and exploration.
651 0 _aOceania
_xDiscovery and exploration.
655 7 _aElectronic books.
_2local
710 2 _aebrary, Inc.
856 4 0 _uhttp://site.ebrary.com/lib/rucke/Doc?id=10267534
_zAn electronic book accessible through the World Wide Web; click to view
999 _c24347
_d24347